| 000 | 00679nam a2200217Ia 4500 | ||
|---|---|---|---|
| 005 | 20250425162710.0 | ||
| 008 | 250425s9999 xx 000 0 und d | ||
| 041 | _aspa | ||
| 043 | _acl | ||
| 082 | _a639.9 | ||
| 110 | _aCHILE. CPPS | ||
| 245 | 0 | _aREUNION DE EXPERTOS PARA REVISAR EL PROGRAMA ESTRATEGICO REGIONAL PARA LA PROTECCION DEL MEDIO AMBIENTE COSTERO Y DULCEACUICOLA ASOCIADOS FRENTE A LAS ACTIVIDADES REALIZADAS EN TIERRA | |
| 250 | _aS.E | ||
| 260 |
_aChile _bCOMISION PERMANENTE DEL PACIFICO SUR - CPPS _c1998 |
||
| 260 | _aVIÑA DEL MAR | ||
| 300 | _a52 | ||
| 500 | _aFOLLETO | ||
| 650 | _aPROTECCION DEL MEDIO MARINO | ||
| 942 | _c01 | ||
| 010 | _a97444 | ||
| 999 |
_c234636 _d234636 |
||